000 00661nam a2200205Ii 4500
003 JO-AjNU
008 230605s9999||||xx |||||||||||||| ||und||
040 _aJO-AjNU
_bara
_erda
_cJO-AjNU
041 _aara
050 1 4 _aBP166.65.S42 1991
100 3 _aاعداد: الشيخ، أحمد حسن,
_eauthor
_914579
245 0 0 _aالملائكة: حقيقتهم- وجودهم- صفاتهم
250 _aط1
264 3 1 _aطرابلس-لبنان: جروس برس، 1991
300 _a160ص
336 _atext
_btxt
_2rdacontent
337 _aunmediated
_bn
_2rdamedia
338 _avolume
_bnc
_2rdacarrier
650 4 _aالملائكة- السمعيات
_914580
999 _aA3921
_c7489
_d7489